| 000 | 00813nam a2200229Ii 4500 | ||
|---|---|---|---|
| 003 | JO-AjNU | ||
| 008 | 230605s9999||||xx |||||||||||||| ||und|| | ||
| 017 | _a99/3358 | ||
| 020 | _a977-5146-72-0 | ||
| 040 |
_aJO-AjNU _bara _erda _cJO-AjNU |
||
| 041 | _aara | ||
| 050 | 1 | 4 | _aBP166.8.T3864 1999 |
| 100 | 3 |
_aطويلة، عبد الوهاب عبد السلام, _eauthor _956535 |
|
| 245 | 0 | 0 | _aالمسيح المنتظر ونهاية العالم |
| 250 | _aط1 | ||
| 264 | 3 | 1 | _aالقاهرة: دار السلام للطباعة والنشر والتوزيع والترجمة، 1999 |
| 300 | _a367ص | ||
| 336 |
_atext _btxt _2rdacontent |
||
| 337 |
_aunmediated _bn _2rdamedia |
||
| 338 |
_avolume _bnc _2rdacarrier |
||
| 650 | 4 |
_aيوم القيامة- السمعيات- المسيح الدجال _956536 |
|
| 999 |
_aA25280 _c28848 _d28848 |
||